000 00445nam a2200181Ia 4500
005 20240823013306.0
008 240823s9999||||xx |||||||||||||| ||und||
041 _aENGLISH
082 _A629.8 L4
100 _a"Dransfield,Peter"
245 0 _aEngineering Systems and Automatic Control
250 _a1st
260 _c1974
_b"PHI,New D"
500 _aTRANSFERED
650 _aControl System
_bElectronics
942 _cBK
999 _c166829
_d166829